| 000 | 01975nam0a2200373 4500 | ||
|---|---|---|---|
| 001 | RU\NLR\bibl\1420686 | ||
| 005 | 20250615214344.0 | ||
| 010 |
_a978-5-9227-0133-4 _9300 |
||
| 021 |
_aRU _b2009-61398 _93785 |
||
| 035 | _a(nilc)RSL-KNO-004363687 | ||
| 035 | _a(NLR Aleph) 001412634 | ||
| 090 |
_a1292246 _c1292246 |
||
| 100 | _a20090717d2008 |||y0rusy50 ca | ||
| 101 | 0 | _arus | |
| 102 | _aRU | ||
| 105 | _aa zzzz||||| | ||
| 200 | 1 |
_aРиски возникновения природных и техногенных катастроф _eучебное пособие _fА. М. Масленников _gФедеральное агентство по образованию, Санкт-Петербургский гос. архитектурно-строит. ун-т |
|
| 210 |
_aСанкт-Петербург _cСанкт-Петербургский гос. архитектурно-строит. ун-т _d2008 |
||
| 215 |
_a163, [1] с. _cил. _d21 |
||
| 320 | _aБиблиогр.: с. 160-161 | ||
| 606 | 1 |
_aСтихийные бедствия _xВозникновение _xРиск _92571175 _3RU\NLR\auth\661520449 |
|
| 606 | 1 |
_aСтихийные бедствия _jУчебные издания для высших учебных заведений _xБезопасность жизнедеятельности _92400704 _3RU\NLR\auth\661431042 |
|
| 606 | 1 |
_aТехногенные катастрофы _jУчебные издания для высших учебных заведений _xБезопасность жизнедеятельности _92274128 _3RU\NLR\auth\661362915 |
|
| 686 |
_aД.я73-1 _2rubbk |
||
| 686 |
_aЖ820.3-1я73-1 _2rubbk |
||
| 686 | _aД205я73 | ||
| 686 | _aЦ69,5(0)0я73-1 | ||
| 700 | 1 |
_aМасленников _bА. М. _gАлександр Матвеевич _4070 |
|
| 801 | 0 |
_aRU _bРКП _c20090717 _grcr |
|
| 801 | 1 |
_aRU _bРГБ _c20090717 |
|
| 801 | 2 |
_aRU _bNLR _c20091007 _grcr |
|
| 942 | _cBOOK | ||
| 980 | _aNB | ||